000 00746nam a22002417a 4500
003 UA-OsUOA
001 79542
007 ta
008 20111111b un ||||| |||| 00| 0 ukr d
100 _aВасильева Л.
090 _a821.161.1
_bВ19
942 _cBK
040 _aUA-OsUOA
_brus
_cUA-OsUOA
_dUA-OsUOA
245 _aКремлевские жены
_bфакты, воспоминания, документы, слухи, легенды и взгляд автора
300 _a544 с.
955 _a4
041 _arus
080 _a821.161.1
020 _a5-7020-0784-0
260 _aМ.
_bРабочая газета
_c1992
650 7 _a82 Література. Літературознавство
_2UDC
999 _c365866
_d365866